| 000 | 00767nam#a22002655ar4500 | ||
|---|---|---|---|
| 001 | 456 | ||
| 008 | 061117s2002####ag#a###g#a###|1|1#||spa#| | ||
| 245 | 1 | 0 |
_aONGs y ESTADO / _cExperiencias de organización rural en Argentina. |
| 250 | _a1ª ed. | ||
| 260 |
_aBuenos Aires : _bColmena, _c2002. |
||
| 300 |
_a240 p. : _bgraf. ; _c23 cm. |
||
| 020 | _a9879028368 | ||
| 110 | 2 |
_aONG Rurales. _gOrganización no gubernamentales. |
|
| 080 | _a347.471.8 | ||
| 084 | _aB38 | ||
| 653 | _aLegislación jurídica | ||
| 653 | _aProceso de organización social | ||
| 653 | _aCooperativas de pequeños productores | ||
| 653 | _aTécnicos, rol | ||
| 653 | _aIntervención social | ||
| 040 |
_aAR-ClEAG _cAR-ClEAG |
||
| 005 | 20241107184636.0 | ||
| 003 | AR-ClEAG | ||
| 942 | _cBK | ||
| 999 |
_c456 _d456 |
||
| 980 |
_62 _aEvangelina Gallicchio _82 _gEvangelina Gallicchio |
||